Hodnocení regulace lobbingu u EK a EP podle projektu Mezinárodních standardů nevládních organizací
Regulácia lobingu v Európskej únii v kontexte odbornej literatúry. Hodnotenie regulácie lobingu v EÚ. Priradenie relevantných dokumentov a online zdrojov ku skúmaným kategóriám. Výsledky hodnotenia medzinárodných štandardov v rámci kategórií: regulačné vymedzenie, transparentnosť, integrita, partic...
Uložené v:
| Hlavný autor: | |
|---|---|
| Ďalší autori: | |
| Médium: | Kapitola |
| Jazyk: | Czech |
| Predmet: | |
| Tagy: |
Žiadne tagy, Buďte prvý, kto otaguje tento záznam!
|
MARC
| LEADER | 00000naa a2200000 4500 | ||
|---|---|---|---|
| 001 | 0250384 | ||
| 005 | 20190123141936.4 | ||
| 041 | 0 | |a cze | |
| 044 | |a CZ | ||
| 245 | 1 | 0 | |a Hodnocení regulace lobbingu u EK a EP podle projektu Mezinárodních standardů nevládních organizací |c David Babák, Markéta Pitrová |
| 520 | |a Regulácia lobingu v Európskej únii v kontexte odbornej literatúry. Hodnotenie regulácie lobingu v EÚ. Priradenie relevantných dokumentov a online zdrojov ku skúmaným kategóriám. Výsledky hodnotenia medzinárodných štandardov v rámci kategórií: regulačné vymedzenie, transparentnosť, integrita, participácia a prístup, kontrola a sankcie. Výsledky hodnotenia 38 štandardov podľa škálového systému u obidvoch inštitúcií (EK a EP). | ||
| 610 | 2 | 0 | |a Európska komisia |
| 610 | 2 | 0 | |a Európsky parlament |
| 610 | 2 | 0 | |a lobizmus |
| 610 | 2 | 0 | |a štandardy medzinárodné |
| 610 | 2 | 0 | |a regulácia |
| 100 | 1 | |a Babák, David | |
| 700 | 1 | |a Pitrová, Markéta | |